Kinh tế hợp tác của nông dân trong nền kinh tế thị trường

Αποθηκεύτηκε σε:
Λεπτομέρειες βιβλιογραφικής εγγραφής
Κύριος συγγραφέας: Lê, Trọng
Μορφή: Βιβλίο
Γλώσσα:Undetermined
Έκδοση: Hà Nội Văn hoá dân tộc 2001
Θέματα:
Ετικέτες: Προσθήκη ετικέτας
Δεν υπάρχουν, Καταχωρήστε ετικέτα πρώτοι!
Thư viện lưu trữ: Trung tâm Học liệu Trường Đại học Cần Thơ
LEADER 00560nam a2200181Ia 4500
001 CTU_45336
008 210402s9999 xx 000 0 und d
082 |a 338.16 
082 |b Tr431 
100 |a Lê, Trọng 
245 0 |a Kinh tế hợp tác của nông dân trong nền kinh tế thị trường 
245 0 |c Lê Trọng 
260 |a Hà Nội 
260 |b Văn hoá dân tộc 
260 |c 2001 
650 |a Developing countries 
650 |x Agricultural aspects 
980 |a Trung tâm Học liệu Trường Đại học Cần Thơ